00355nam a2200157Ia 4500008004100000020001500041041001200056082001600068100001500084245001700099250000800116260003000124300000800154650001800162700001700180221030s9999 xx 000 0 und d a8178089440 aEnglish a105.23bStr aJ. Strauss 0aE- Marketing a3rd bPearson Educationc2004 a578 aMBA Computers aA. El-ansary